00719nam a2200193Ia 4500008004100000020001800041041000800059082001600067100002500083245005400108260001500162300002600177365001700203500000900220700003600229906004200265999001900307952019900326230718s9999 xx 000 0 und d a9780471649526 aeng a620.18bRUS aRussell A.M.9162904 aStructure Property Relations In Nonferrous Metals bJohn Wiley a499dRef 30 M (29455) cRs.b5838.00 a30 M aRussell A.M. & Lee K.L.9189833 dB:107080133718-Jan-2008cMECHb1167.6 c318248d318248 00102ddc3Ref 30 M (29455)4073aCCEPbCCEPd2008-01-28eVarma Book DistributorsfMECHg4670.40i1070801337o620.18pCCEP-BK-29455r2023-07-18 00:00:00t1167.6v5838.00w2008-01-18yBKz029455